Corruption: functional anarchy in governance (Record no. 613667)

MARC details
000 -LEADER
fixed length control field 00747nam a2200241Ia 4500
003 - CONTROL NUMBER IDENTIFIER
control field OSt
005 - DATE AND TIME OF LATEST TRANSACTION
control field 20260203170807.0
008 - FIXED-LENGTH DATA ELEMENTS--GENERAL INFORMATION
fixed length control field 220923b |||||||| |||| 00| 0 eng d
020 ## - INTERNATIONAL STANDARD BOOK NUMBER
International Standard Book Number 8172201400
037 ## - SOURCE OF ACQUISITION
Terms of availability General Book
040 ## - CATALOGING SOURCE
Original cataloging agency RTL
Transcribing agency RTL
Language of cataloging eng
041 ## - LANGUAGE CODE
Source of code eng
Language code of text/sound track or separate title eng
084 ## - COLON CLASSIFICATION NUMBER
Classification number Y:44.2.P, P2
Assigning agency RTL
100 ## - MAIN ENTRY--PERSONAL NAME
Personal name Lal Bhure
9 (RLIN) 310188
245 #0 - TITLE STATEMENT
Title Corruption: functional anarchy in governance
260 ## - PUBLICATION, DISTRIBUTION, ETC.
Place of publication, distribution, etc. New Delhi
Name of publisher, distributor, etc. Siddharth Publications India
Date of publication, distribution, etc. 2002
300 ## - PHYSICAL DESCRIPTION
Extent x, 239 p.
Other physical details Includes bibliographical references and index
500 ## - GENERAL NOTE
General note Bibliography Chapterwise
650 ## - SUBJECT ADDED ENTRY--TOPICAL TERM
Topical term or geographic name entry element Curruption
9 (RLIN) 310189
650 ## - SUBJECT ADDED ENTRY--TOPICAL TERM
Topical term or geographic name entry element Sociology
9 (RLIN) 1113473
942 ## - ADDED ENTRY ELEMENTS (KOHA)
Classification part Y:44.2.P, P2
Koha item type General Books
Source of classification or shelving scheme Colon Classification (CC)
Suppress in OPAC No
Holdings
Withdrawn status Lost status Damaged status Not for loan Home library Current library Date acquired Total Checkouts Full call number Barcode Date last seen Price effective from Koha item type
        Ratan Tata Library Ratan Tata Library 2022-09-26   Y:44.2.P P2 RT1146638 2022-09-26 2022-09-26 General Books
Copyright @ Delhi University Library System